Civil procedure code & limitation act / (Record no. 93833)

MARC details
000 -LEADER
fixed length control field 00576nam a22001817a 4500
005 - DATE AND TIME OF LATEST TRANSACTION
control field 20150729120126.0
010 ## - LCCN (DPL NO)
LC control number ENG-113200
020 ## - INTERNATIONAL STANDARD BOOK NUMBER
International Standard Book Number 9789351431930
Terms of availability 180.00
035 ## - SYSTEM CONTROL NUMBER
System control number EN-96732
037 ## - SOURCE OF ACQUISITION
Source of stock number/acquisition DBAD/PUB
082 ## - DEWEY DECIMAL CLASSIFICATION NUMBER
Classification number 347.540502468
100 ## - MAIN ENTRY--PERSONAL NAME
Personal name Rosedar S. R. A.
245 ## - TITLE STATEMENT
Title Civil procedure code & limitation act /
Statement of responsibility, etc by Rosedar S. R. A.
260 ## - PUBLICATION, DISTRIBUTION, ETC. (IMPRINT)
Place of publication, distribution, etc Gurgaon
Name of publisher, distributor, etc Lexis Nexis
Date of publication, distribution, etc 2014
270 ## - ADDRESS
Address 14th Floor, Building no 10 Tower, DLF Cyber City, Phase-II,
City Gurgaon
Postal code 122002
300 ## - PHYSICAL DESCRIPTION
Extent ix,142p.
Dimensions 22cm(pbk)
942 ## - ADDED ENTRY ELEMENTS (KOHA)
Source of classification or shelving scheme Dewey Decimal Classification
Item type English Books
Call number suffix ROS
Classification part 347.540502468
Holdings
Withdrawn status Lost status Not for loan Collection code Home library Current library Date acquired Source of acquisition Cost, normal purchase price Full call number Barcode Copy number Cost, replacement price Koha item type
    Not For Loan Non-fiction D.B.Act.Division D.B.Act.Division 21/05/2015 DBAD/PUB 180.00 347.540502468 ROS EN-96732 1 180.00 English Books

© Delhi Public Library
Hit Counter
free hit counter